The Incredible Hulk Characters - Statistics

General Stats
  • This quiz has been taken 18 times
  • The average score is 5 of 8
Answer Stats
Hint Answer % Correct
Liv Tyler Betty Ross
100%
Ed Norton Hulk
100%
William Hurt Thaddaeus Ross
100%
Tim Roth Abomination
92%
Tim Blake Nelson Samuel Sterns
62%
Ty Burrell Leonard Samson
31%
Christina Cabot Kathleen Sparr
0%
Paul Soles Stanley Lieber
0%
No matching quizzes found
Score Distribution
Percent of People with Each Score
Percentile by Number Answered
Your Score History
You have not taken this quiz